000 00621nam a2200193Ia 4500
003 GCL
008 140319s9999 xx 000 0 ara d
040 _aGCL /
_cGCL
082 0 4 _a822
_bك ا
100 1 _aامين حسان كامل
245 1 0 _aافكار صبيانية /
_cامين حسان كامل
700 1 _aعلى فهمى
700 1 _aكوارد, نويل
490 _aروائع المسرح العالمى
_v0
650 0 4 _aالادب الانجليزى
650 0 4 _aالمسرحيات الانجليزية
650 0 4 _aالمسرحيات الانجليزية المترجمة
942 _2ddc
_cBK
999 _c42234
_d42234